000 00228 a2200097 4500
001 21793
100 _aBethel, L. L.
245 _aIndustrial Organization and Management
260 _a
_bMcGraw-Hill
_c1962
090 _c15159
_d15159
942 _aNUST-CAE
_cM
_c5735
999 _c256866
_d256866